000 00258nam a22001097a 4500
005 20250416145730.0
008 250401b |||||||| |||| 00| 0 eng d
020 _a9780099534839
082 _a813.54
_bREN
245 _a The best man to die
942 _cENGLISH
999 _c570724
_d570724